Tanky nevyšli, šancu majú obrnené vozidlá

DMD Mobiltec podalo na spoločnosť návrh na konkurz. Z histórie firmy. Spoločnosť sa na svoj koniec už pripravovala. Boj o obrnené vozidlá medzi niektorými firmami. DMD urobil opatrenia, aby sa k know-how na výrobu AMV či Aligátora nedostal ten, kto získa od exekútora Detec. Potreba vyrobiť určité mn...

Full description

Saved in:
Bibliographic Details
Main Author: Beer, Gabriel
Format: Book Chapter
Language:Slovak
Subjects:
Tags: Add Tag
No Tags, Be the first to tag this record!

MARC

LEADER 00000naa a2200000 4500
001 r046658
005 20230921113659.4
041 0 |a slo 
044 |a SK 
245 1 0 |a Tanky nevyšli, šancu majú obrnené vozidlá  |c Gabriel Beer 
520 |a DMD Mobiltec podalo na spoločnosť návrh na konkurz. Z histórie firmy. Spoločnosť sa na svoj koniec už pripravovala. Boj o obrnené vozidlá medzi niektorými firmami. DMD urobil opatrenia, aby sa k know-how na výrobu AMV či Aligátora nedostal ten, kto získa od exekútora Detec. Potreba vyrobiť určité množstvo obrnených vozidiel, aby sa firma udržala. 
610 2 0 |a hospodárenie finančné 
610 2 0 |a hospodárenie podnikové 
610 2 0 |a firmy 
610 2 0 |a technika vojenská 
610 2 0 |a konkurzy 
610 2 0 |a DMD Mobiltec 
100 1 |a Beer, Gabriel